La Crisis centroamericana /
Պահպանված է:
| Հիմնական հեղինակ: | |
|---|---|
| Համատեղ հեղինակներ: | , |
| Այլ հեղինակներ: | |
| Ձևաչափ: | Տեքստ |
| Հրապարակվել է: |
San José:
EDUCA
|
| Ցուցիչներ: |
Ավելացրեք ցուցիչ
Չկան պիտակներ, Եղեք առաջինը, ով նշում է այս գրառումը!
|
MARC
| LEADER | 00000 a a2200000 04500 | ||
|---|---|---|---|
| 001 | 22242 | ||
| 003 | |||
| 040 | |||
| 020 | |a 9977-30-046-1 | ||
| 022 | |a 9977-30-046-1 | ||
| 090 | |a 151000 | ||
| 100 | |a Camacho Monge, Daniel | ||
| 110 | |a Facultad Latinoamericana de Ciencias Sociales | ||
| 245 | |a La Crisis centroamericana / |c Facultad Latinoamericana de Ciencias Sociales | ||
| 260 | |a San José: |b EDUCA | ||
| 300 | |a 444 p | ||
| 300 | |b **no definido** |b fonodiscos | ||
| 700 | |a Rojas Bolaños, Manuel | ||
| 710 | |a FLACSO | ||
| 999 | |c 9414 |d 9414 | ||



